000 00703nam a2200253Ia 4500
003 OSt
005 20220918224526.0
006 a|||||r|||| 00| 0
007 ta
008 220917b |||||||| |||| 00| 0 eng d
024 _a229,793
037 _cTextual
040 _aARTS
_cARTS
_beng
041 _2eng
_aeng
082 _aQ7:26, P6
100 _aKhan Masood Ali Ed.
_9145416
245 0 _aTraditions in Islam
260 _aNew Delhi
_bCommonwealth Publisher
_c2006
300 _aviii, 307p.
_ccm.
650 _aRELIGION
700 _a Iqbal Shaikh Azhar Ed.
_9148261
942 _hQ7:26, P6
_cTEXL
_2CC
999 _c281518
_d281518